000 00912nas a2200313 4500
001 BR2013000383
003 BR-BrBNA
005 20231205121805.0
007 ta
008 230509b bl.|||p| |||| 00| 00por d
040 _aBR-BrBNA
_bpor
_cBiblioteca Nacional de Agricultura
041 _a(Pt)
072 _aF01; H10
100 1 _aFiorin, R.A.
100 1 _aStürmer, G.R.
100 1 _aGuedes, J.V.C.
100 1 _aCosta, I.F.D. da
100 1 _aPerini, C.R.
245 1 _aMétodos de aplicação e inseticidas no controle de percevejos na cultura da soja
650 _aSOJA
650 _aCULTIVO
650 _aCONTROLE QUÍMICO
650 _aINSETICIDA
650 _aPERCEVEJO
650 _aMANEJO
773 0 _tSemina. Ciências Agrárias (Brazil)
_xISSN 1676-546X
_g(Jan-Mar 2011), v. 32(1) p. 139-146
_wBR2013000383
909 _a202311
_bLúcia
_c55
_dLúcia Elande
942 _2AGRIS
_n0
_cANA
999 _c225266
_d225266